Detalles MARC
| 000 -CABECERA |
| fixed length control field |
01395nam a22003497a 4500 |
| 003 - CONTROL NUMBER IDENTIFIER |
| control field |
AR-BeUNQ |
| 005 - FECHA Y HORA DE LA ULTIMA TRANSACCION |
| control field |
20231004174555.0 |
| 008 - ELEMENTOS DE LONGITUD FIJA-INFORMACION GENERAL |
| fixed length control field |
230824s2023 ag a|||| |||| 00| 0 spa d |
| 020 ## - NUMERO INTERNACIONAL NORMALIZADO PARA LIBROS |
| Número Internacional Normalizado del libro |
9789871696369 |
| 040 ## - FUENTE DE CATALOGACION |
| Agencia de catalogación original |
AR-BeUNQ |
| Idioma de catalogación |
ESPAÑOL |
| Convenciones de la descripción |
aacr |
| 041 ## - CODIGO DE IDIOMA |
| Código de idioma original |
ESPAÑOL |
| 044 ## - COUNTRY OF PUBLISHING/PRODUCING ENTITY CODE |
| MARC country code |
ag |
| 082 ## - NUMERO DE CLASIFICACION DECIMAL DEWEYMBER |
| Número de clasificación |
321.8 |
| Número de la edición |
21 |
| 100 1# - ASIENTO PRINCIPAL-NOMBRE PERSONAL |
| 9 (RLIN) |
4328 |
| Nombre personal |
Repiso, Jorge, |
| Fecha asociada al nombre |
1964- |
| 245 10 - MENCION DE TITULO |
| Título |
Postales : |
| Otra información sobre el título |
40 años de Democracia / |
| Mención de responsabilidad, etc |
Jorge Repiso, Rep |
| 250 ## - MENCION DE EDICION |
| Mención de edición |
1a ed, |
| 260 ## - PUBLICACION, DISTRIBUCION, ETC. |
| Lugar de publicación, distribución, etc. |
Ciudad Autónoma de Buenos Aires : |
| Nombre del editor, distribuidor, etc. |
Comisión Nacional de Bibliotecas Populares, |
| Fecha de publicación, distribución, etc |
2023. |
| 300 ## - DESCRIPCION FISICA |
| Extensión |
[16] p. : |
| Otros detalles físicos |
il.col. ; |
| Dimensiones |
15 x 21 cm. |
| 490 1# - MENCION DE SERIE |
| Mención de serie |
Colección 40 años de democracia (CONABIP) |
| 530 ## - NOTA DE FORMATO FISICO ADICIONAL DISPONIBLE |
| Nota de formato físico adicional disponible |
También disponible en línea (pdf). |
| 650 ## - ASIENTO SECUNDARIO DE MATERIA - TERMINO TEMATICO |
| Término temático o nombre geográfico como elemento de entrada |
Democracia |
| Fuente del encabezamiento o términ |
spines |
| 650 ## - ASIENTO SECUNDARIO DE MATERIA - TERMINO TEMATICO |
| Término temático o nombre geográfico como elemento de entrada |
Derechos Humanos |
| Fuente del encabezamiento o términ |
spines |
| 650 ## - ASIENTO SECUNDARIO DE MATERIA - TERMINO TEMATICO |
| Término temático o nombre geográfico como elemento de entrada |
Historia argentina |
| Fuente del encabezamiento o términ |
tha |
| 700 0# - ASIENTO SECUNDARIO - NOMBRE DE PERSONA |
| Relationship |
il |
| 9 (RLIN) |
4326 |
| Personal name |
Rep, |
| Dates associated with a name |
1961- |
| Relator term |
il. |
| 830 ## - ASIENTO SECUNDARIO DE SERIE--TITULO UNIFORME |
| 9 (RLIN) |
4377 |
| Título uniforme |
Colección 40 años de democracia (CONABIP) |
| 856 ## - LOCALIZACION Y ACCESO ELECTRONICOS |
| Identificador Uniforme del Recurso |
<a href="https://www.conabip.gob.ar/sites/default/files/Libro%201_HIST_%20REP.pdf">https://www.conabip.gob.ar/sites/default/files/Libro%201_HIST_%20REP.pdf</a> |
| 929 ## - DATOS DE ADQUISICION |
| Procedencia |
DONACION |
| Proveedor |
Luciana Noguez Sörensen |
| Precio |
500,00 |
| Fecha de recibido |
20230717 |
| Patrimonio UNQ |
PAT0080168 |
| Es copia |
1 |
| Número de inventario |
61444 |
| 929 ## - DATOS DE ADQUISICION |
| Procedencia |
DONACION |
| Proveedor |
Luciana Noguez Sörensen |
| Precio |
500,00 |
| Fecha de recibido |
20230717 |
| Patrimonio UNQ |
PAT0080169 |
| Número de inventario |
61445 |
| Es copia |
2 |
| 929 ## - DATOS DE ADQUISICION |
| Procedencia |
DONACION |
| Proveedor |
Luciana Noguez Sörensen |
| Precio |
500,00 |
| Fecha de recibido |
20230717 |
| Patrimonio UNQ |
PAT0080170 |
| Número de inventario |
61446 |
| Es copia |
3 |
| 929 ## - DATOS DE ADQUISICION |
| Procedencia |
DONACION |
| Proveedor |
Luciana Noguez Sörensen |
| Precio |
500,00 |
| Fecha de recibido |
20230717 |
| Patrimonio UNQ |
PAT0080171 |
| Número de inventario |
61447 |
| Es copia |
4 |
| 942 ## - ELEMENTOS DE PUNTO DE ACCESO ADICIONAL (KOHA) |
| Tipo de ítem Koha |
Libros |
| Suppress in OPAC |
0 |